000
00283nam a2200109 4500
008
160624b xxu||||| |||| 00| 0 eng d
100
_9
1003
_a
King, L
245
_a
Puzzles for the High IQ
260
_a
N.D
_b
Good Will Pub. House
300
_a
Puzzles for the High IQ
942
_2
ddc
_c
BK
999
_c
803
_d
803